snel rekenen: deelsommen - Statistieken

Algemene statistieken
  • Deze quiz is 58 keer genomen
  • De gemiddelde score is 15 van 15
Antwoordstatistieken
Hint Antwoord % Correct
104÷2 52
100%
16÷2 8
100%
100÷10 10
98%
55:5 11
98%
19÷1 19
98%
80÷4 20
98%
21÷7 3
98%
96÷3 32
98%
30÷6 5
98%
56÷7 8
98%
198÷2 99
98%
23÷1 23
96%
1100÷11 100
94%
303÷3 101
94%
85÷5 17
91%
Geen overeenkomende quizzen gevonden
Scoreverdeling
Procent van Mensen met Elke Score
Percentiel versus Aantal Correcte Antwoorden
Uw Scoregeschiedenis
U heeft deze quiz nog niet genomen